000
00240nam a2200097Ia 4500
001
725730
005
20250826163415.0
008
250824s9999 xx 000 0 und d
245
0
_a
YENİ GÜN YENİ UMUT
_c
MEHMET FİDAN
260
_b
ATLI KARINCA
999
_c
725730
_d
725730